Online
Catalog

Cien máuseres, ninguna muerte y una sola amapola / (Record no. 16963)

MARC details
000 -CABECERA
campo de control de longitud fija 00701cam a2200205 a 4500
001 - NÚMERO DE CONTROL
campo de control 000017438
005 - FECHA Y HORA DE LA ÚLTIMA TRANSACCIÓN
campo de control 20200929165119.0
008 - DATOS DE LONGITUD FIJA--INFORMACIÓN GENERAL
campo de control de longitud fija 780519s1975 ve f000 1 spa
035 ## - NÚMERO DE CONTROL DEL SISTEMA
Número de control de sistema (DLC) 78345447
040 ## - FUENTE DE LA CATALOGACIÓN
Centro catalogador/agencia de origen DO-SdBNP
Lengua de catalogación spa
Centro/agencia transcriptor DLC
Centro/agencia modificador BNPHU
050 00 - SIGNATURA TOPOGRÁFICA DE LA BIBLIOTECA DEL CONGRESO
Número de clasificación PQ8549.A682
Número de documento/Ítem C5
082 ## - NÚMERO DE LA CLASIFICACIÓN DECIMAL DEWEY
Número de clasificación nn
Número de documento/Ítem A727c
100 1# - ENTRADA PRINCIPAL--NOMBRE DE PERSONA
Nombre de persona Armas Alfonzo, Alfredo,
Fechas asociadas al nombre 1921-1990.
9 (RLIN) 24391
245 10 - MENCIÓN DE TÍTULO
Título Cien máuseres, ninguna muerte y una sola amapola /
Mención de responsabilidad, etc. Alfredo Armas Alfonzo.
260 ## - PUBLICACIÓN, DISTRIBUCIÓN, ETC.
Lugar de publicación, distribución, etc. Caracas :
Nombre del editor, distribuidor, etc. Dirección de Cultura ;
-- Universidad Central de Venezuela,
Fecha de publicación, distribución, etc. 1975.
300 ## - DESCRIPCIÓN FÍSICA
Extensión 230 p. ;
Dimensiones 19 cm.
490 1# - MENCIÓN DE SERIE
Mención de serie Letras de Venezuela
Designación de volumen o secuencia 51
830 #1 - PUNTO DE ACCESO ADICIONAL DE SERIE-TÍTULO UNIFORME
Título uniforme Letras de Venezuela ;
Designación de volumen o secuencia 51
9 (RLIN) 17348
910 ## - DATOS DE OPCIÓN DEL USUARIO (OCLC)
Datos de opción del usuario Catalogación por copia / LC
Holdings
Estado de retiro Estado de pérdida Restricciones de uso No para préstamo Código de colección Localización permanente Ubicación/localización actual Ubicación en estantería Fecha de adquisición Número de inventario Total de préstamos Signatura topográfica completa Código de barras Fecha visto por última vez Precio válido a partir de Tipo de ítem Koha
        Monografías: Libros y Folletos General General En catalogación 24.03.2010 LF1   nn A727c 17438-10 25.06.2020 25.06.2020 Préstamo en sala

Powered by Koha